[Event "BAN-ch U16 Girls"]
[Site "Dhaka"]
[Date "2017.05.01"]
[Round "7"]
[White "Ayaana, Chowdhury"]
[Black "Urbana, Chowdhury"]
[Result "0-1"]
[WhiteElo "1444"]
[BlackElo "1225"]
[PlyCount "117"]
[EventDate "2017.04.25"]
[EventType "swiss"]
[EventRounds "7"]
[EventCountry "BAN"]
[SourceTitle "CBM 178 Extra"]
[Source "ChessBase"]
[SourceDate "2017.06.22"]
[SourceVersion "1"]
[SourceVersionDate "2017.06.22"]
[SourceQuality "1"]

1. e4 e5 2. Nf3 Nc6 3. Bc4 Bc5 4. Nc3 Nf6 5. Nd5 Nxd5 6. Bxd5 Nd4 7. Nxe5 Qg5 8. Ng4 d6 9. h3 Bxg4 10. hxg4 Qf6 11. 0-0 c6 12. Bc4 0-0 13. d3 h6 14. Re1 Rfe8 15. Be3 Rad8 16. c3 Ne6 17. d4 Bb6 18. d5 Bxe3 19. Rxe3 cxd5 20. Bxd5 b6 21. Bxe6 Qxe6 22. Qe2 Qd7 23. Rd1 Re7 24. e5 d5 25. a3 Qc7 26. e6 f6 27. c4 dxc4 28. Rxd8+ Qxd8 29. Qxc4 Qd1+ 30. Qf1 Qxg4 31. Qe2 Qxe2 32. Rxe2 Kf8 33. f4 f5 34. b4 Ke8 35. Re5 Kd8 36. Rxf5 Rxe6 37. Rg5 Re1+ 38. Kh2 Re7 39. Rd5+ Rd7 40. Rxd7+ Kxd7 41. g4 Ke6 42. f5+ Kf6 43. Kg3 Kg5 44. b5 g6 45. fxg6 Kxg6 46. Kf4 Kf6 47. a4 Kg6 48. g5 hxg5+ 49. Kg4 Kf6 50. Kf3 Kf5 51. Kg3 Ke5 52. Kg4 Kd4 53. Kxg5 Kc4 54. Kf5 Kb4 55. Ke5 Kxa4 56. Kd5 Kxb5 57. Kd4 a5 58. Kc3 a4 59. Kb2 0-1